| 000 | 00480nam a2200157Ia 4500 | ||
|---|---|---|---|
| 003 | GCL | ||
| 008 | 140319s9999 xx 000 0 ara d | ||
| 040 |
_aGCL / _cGCL |
||
| 082 | 0 | 4 |
_a953.03 _bح س |
| 100 | 1 | _aحسين يوسف دويدار | |
| 245 | 1 | 0 |
_aالسفارات بين الاندلس والدول الاجنبية فى العصر الاموى / _cحسين يوسف دويدار |
| 300 | _a71 | ||
| 490 |
_aكتاب _v0 |
||
| 650 | 0 | 4 | _aالاندلس |
| 942 |
_2ddc _cBK |
||
| 999 |
_c43200 _d43200 |
||